Mama : Dia meneguk madu di geluk hempedu
| Main Author: | |
|---|---|
| Format: | Book |
| Published: |
Kuala Lumpur :
Creative Enterprise Sdn Bhd ,
1995
|
MARC
| LEADER | 00000cam a2200000 7i4500 | ||
|---|---|---|---|
| 001 | 0000047172 | ||
| 005 | 20150419.0 | ||
| 008 | 150419 | ||
| 020 | |a 9838932043 | ||
| 090 | 0 | 0 | |a ABD |b MAL |
| 100 | 1 | |a Abd.Talib Hassan | |
| 245 | 1 | 0 | |a Mama : |b Dia meneguk madu di geluk hempedu |c Abd Talib Hassan |
| 260 | |a Kuala Lumpur : |b Creative Enterprise Sdn Bhd , |c 1995 | ||
| 999 | |a 0000906284 |b Book |c Adult Collection |e Cawangan Bandar Tenggara | ||